Entry Personal Name
Number of records used in: 1
001 - CONTROL NUMBER
003 - CONTROL NUMBER IDENTIFIER
005 - DATE AND TIME OF LATEST TRANSACTION
- control field:
20200518102856.0
008 - FIXED-LENGTH DATA ELEMENTS
- fixed length control field:
200518|| aca||aabn | a|a d
040 ## - CATALOGING SOURCE
- Original cataloging agency:
OSt
- Transcribing agency:
OSt
100 ## - HEADING--PERSONAL NAME
- Personal name:
Siddiqui Dr. Anees Ahmad
670 ## - SOURCE DATA FOUND
- Source citation:
Work cat.: (OSt)6257: Siddiqui Dr. Anees Ahmad, A Text Book of Medicinal Chemistry II, 2020